000 00596nam a22002177a 4500
003 UA-OsUOA
001 42947
007 ta
008 20061201b un ||||| |||| 00| 0 ukr d
090 _a94(476)
_bМ62
942 _cBK
040 _aUA-OsUOA
_brus
_cUA-OsUOA
_dUA-OsUOA
245 _aМінсмк на старих паштоуках
_bКанец ХІХ - п. ХХ ст.
300 _a127 с.
955 _a3
041 _arus
080 _a94(476)
260 _aМ.
_bБеларусь
_c1984
650 7 _a9 Географія. Біографії. Історія
_2UDC
999 _c329052
_d329052